Stanovy Združenia miest a obcí Slovenska
Plné znenie stanov Združenia miest a obcí Slovenska schválené lV.snemom dňa 9.4.1994 v Bratislave.
Guardado en:
| Formato: | Capítulo de libro |
|---|---|
| Lenguaje: | eslovaco |
| Materias: | |
| Etiquetas: |
Sin Etiquetas, Sea el primero en etiquetar este registro!
|
MARC
| LEADER | 00000naa a2200000 4500 | ||
|---|---|---|---|
| 001 | r015760 | ||
| 005 | 20221213114900.9 | ||
| 041 | 0 | |a slo | |
| 044 | |a SK | ||
| 245 | 1 | 0 | |a Stanovy Združenia miest a obcí Slovenska |
| 520 | |a Plné znenie stanov Združenia miest a obcí Slovenska schválené lV.snemom dňa 9.4.1994 v Bratislave. | ||
| 610 | 2 | 0 | |a stanovy |
| 610 | 2 | 0 | |a Slovensko |
| 610 | 2 | 0 | |a 1994 |
| 610 | 2 | 0 | |a mestá |
| 610 | 2 | 0 | |a obce |
| 610 | 2 | 0 | |a združenia |